Szczegóły MARC21

Dictionary of place-names in the British Isles : [over 4,000 place-names - their fascinating origins and history] /

003 -Nazwa inst., której nr kontr. jest w polu 001 [,]
    • @
    • Nazwa instytucji, której n kontrolny jest w polu 001
    • NUKAT
005 -DATA I CZAS OSTATNIEJ MODYFIKACJI [,]
    • @
    • pole kontrolne
    • 20241231101306.0
020 -Międzynarod. znormalizowany nr książki - ISBN [ , ]
    • a
    • Numer ISBN
    • 0747505055 Find
040 -Instytucja sporządzająca opis [ , ]
    • a
    • Instytucja, która sporządziła opis (NP)
    • WR U/hp
    • c
    • Instytucja, która sporządziła rekord (NP)
    • WR U/hp
    • d
    • Instytucja, która zmodyfikowała rekord (P)
    • WR U/dl
    • d
    • Instytucja, która zmodyfikowała rekord (P)
    • WR U/MBs
942 -Rodzaj dokumentu [ , ]
    • c
    • Rodzaj dokumentu
    • Książka
100 -Hasło główne - nazwa osobowa [1, ]
    • a
    • Nazwa osobowa (NP)
    • Room, Adrian.
    • 9
    • KHW
    • 402825
245 -Strefa tytułu i oznaczenia odpowiedzialności [1,0]
    • a
    • Tytuł
    • Dictionary of place-names in the British Isles : Find
    • b
    • Ciąg dalszy tytułu (NP)
    • [over 4,000 place-names - their fascinating origins and history] / Find
    • c
    • Pozostałe elementy strefy tytułu i oznaczenia odpowiedzialności (NP)
    • Adrian Room.
260 -Strefa adresu wydawniczego [ , ]
    • a
    • Miejsce wydania (P)
    • London :
    • b
    • Nazwa wydawcy (P)
    • Bloomsbury,
    • c
    • Data wydania (P)
    • 1989.
300 -Strefa opisu fizycznego [ , ]
    • a
    • Określenie formy książki i/lub objętość (NP)
    • XXVI, [2], 414 s. ;
    • c
    • Format (NP)
    • 24 cm.
336 -Typ zawartości [ , ]
    • a
    • Termin opisujący typ zawartości
    • Tekst
    • b
    • Kod określający zawartość
    • txt
    • 2
    • Źródło (terminu i kodu)
    • rdacontent
337 -Typ mediów [ , ]
    • a
    • Tryb odtwarzania
    • Bez urządzenia pośredniczącego
    • b
    • Kod typu mediów
    • n
    • 2
    • Źródło (terminu i kodu)
    • rdamedia
338 -Typ/rodzaj nośnika [ , ]
    • a
    • Hasło opisujące typ nośnika
    • Wolumin
    • b
    • Kod typu nośnika
    • nc
    • 2
    • Źródło (terminu i kodu)
    • rdacarrier
500 -Uwaga ogólna [ , ]
    • a
    • Uwaga ogólna (NP)
    • Podtyt. z okł.
500 -Uwaga ogólna [ , ]
    • a
    • Uwaga ogólna (NP)
    • Bloomsbury Reference.
650 -Hasło przedmiotowe [ ,7]
    • a
    • Hasło przedmiotowe
    • Język angielski
    • x
    • Określnik rzeczowy
    • etymologia
    • x
    • Określnik rzeczowy
    • nazwy
    • v
    • Określnik formalny
    • słowniki.
    • 2
    • Źródło terminu
    • kaba
    • 9
    • KHW
    • 645425
650 -Hasło przedmiotowe [ ,7]
    • a
    • Hasło przedmiotowe
    • Toponomastyka
    • v
    • Określnik formalny
    • słowniki angielskie.
    • 2
    • Źródło terminu
    • kaba
    • 9
    • KHW
    • 645426
650 -Hasło przedmiotowe [ ,7]
    • a
    • Hasło przedmiotowe
    • Miejsca historyczne
    • z
    • Określnik geograficzny
    • Wielka Brytania
    • v
    • Określnik formalny
    • słowniki.
    • 2
    • Źródło terminu
    • kaba
    • 9
    • KHW
    • 645429
650 -Hasło przedmiotowe [ ,7]
    • a
    • Hasło przedmiotowe
    • Miejsca historyczne
    • z
    • Określnik geograficzny
    • Irlandia
    • v
    • Określnik formalny
    • słowniki.
    • 2
    • Źródło terminu
    • kaba
    • 9
    • KHW
    • 645427
650 -Hasło przedmiotowe [ ,7]
    • a
    • Hasło przedmiotowe
    • Nazwy geograficzne
    • z
    • Określnik geograficzny
    • Wielka Brytania.
    • 2
    • Źródło terminu
    • kaba
    • 9
    • KHW
    • 607314
651 -Hasło przedmiotowe w formie nazwy geograficznej [ ,7]
    • a
    • Nazwa geograficzna
    • Wielka Brytania
    • v
    • Określnik formalny
    • spisy geograficzne.
    • 2
    • Źródło terminu
    • kaba
    • 9
    • KHW
    • 607315
651 -Hasło przedmiotowe w formie nazwy geograficznej [ ,7]
    • a
    • Nazwa geograficzna
    • Irlandia
    • v
    • Określnik formalny
    • spisy geograficzne.
    • 2
    • Źródło terminu
    • kaba
    • 9
    • KHW
    • 645428
920 -ISBN [ , ]
    • a
    • ISBN
    • 0-7475-0505-5 Find
Numer inwentarzowy Uwagi nie widoczne w OPAC Status udost. Sygnatura Lokalizacja
BC.649R0779629961ANG. Kultura Wielkiej Bryt. 047BM